00433nam a2200193Ia 4500008004000000041000800040082001100048100001800059245004800077260003800125650001100163650000800174650000700182650000800189650000700197650001000204650001400214650001100228210210b1947 xxu||||| |||| 00| 0 eng d aeng a511/37 aDICKSON (L E) aNew first course in the theory of equations aLondonbJohn Wiley and Sonsc1947 atheory athe aof aNew ain afirst aequations acourse